Quizzes
Events
Quiz Creation
Community
Videos
Private Events
Remove Ads
Sign In
Join for FREE
Feedback
Dark Mode
Quiz Categories
Sports
Geography
Music
Movies
Television
Just For Fun
Miscellaneous
History
Literature
Language
Science
Gaming
Entertainment
Religion
Holiday
For Kids
Quiz Lab
Recent
Popular Today
Quiz Kudos Today
Editor Picks
Curator Picks
Quizzes by...
Day
Popularity
Type
Ratings
Length
Year
Community
Subscriptions
Recent Discussions
Orange Saloon
Badges
Playlists
Quests
Create
Leaderboards
Showdown
Live 5
Trivia Bingo
Activity
Puzzle Library
Sporcle Events
Private Events
Virtual Trivia
Globe League
Become a Host
Pub Owners
SporcleCon
Opinionation
Our Games
Videos
Blog
Mobile Apps
Partnerships
Remove Ads and Go Orange
Feedback
Sports
Athletes
MLB
NBA
NHL
NFL
Soccer
Sports Teams
WWE
NCAA
Football
Premier League
Basketball
Baseball
Hockey
Golf
Tennis
Cricket
Rugby
Auto Racing
Olympics
World Cup
Sports
Athletes
MLB
NBA
NHL
NFL
Soccer
Sports Teams
WWE
NCAA
Football
Premier League
Basketball
Baseball
Hockey
Golf
Tennis
Cricket
Rugby
Auto Racing
Olympics
World Cup
Random Quiz
Search Sporcle
×
Quiz Lab
Quiz Lab
Sports
Tennis
Type in answers that appear in a list
Type in answers that appear in a list
Classic
Best Score? Go Orange.
WTA/ATP at Y2K Stats
Can you name the top 100 WTA and ATP players at the turn of the century
By
geffeg
20m
200 Questions
134 Plays
134 Plays
134 Plays
Comments
Comments
Give Quiz Kudos
Give Quiz Kudos
-
- Ratings
hide this ad
More Info
Replay
Link that replays current quiz
Next Quiz
Link to next quiz in quiz playlist
You Got
0%
They Got
Avg Score
45%
Avg Friend Score
Upgrade to see
Score Distribution
Jump to the score distribution portion of the page
Score
0/200
Timer
20:00
0
Plays Today
Gender
Athlete
% Correct
Female
Martina Hingis
96.3%
Female
Venus Williams
96.3%
Female
Serena Williams
96.3%
Female
Justine Henin
95.5%
Female
Kim Clijsters
94%
Female
Lindsay Davenport
93.3%
Male
Andre Agassi
93.3%
Female
Jennifer Capriati
92.5%
Male
Pete Sampras
91.8%
Female
Amelie Mauresmo
91%
Male
Gustavo Kuerten
90.3%
Male
Todd Martin
89.6%
Male
Alberto Martin
89.6%
Male
Yevgeny Kafelnikov
88.8%
Male
Tim Henman
88.1%
Male
Tommy Haas
87.3%
Male
Marat Safin
87.3%
Female
Maria Jose Martinez Sanchez
86.6%
Female
Arantxa Sanchez-Vicario
84.3%
Female
Mary Pierce
84.3%
Female
Conchita Martinez
83.6%
Male
Lleyton Hewitt
82.8%
Male
Marcelo Rios
82.1%
Female
Rossana de los Rios
81.3%
Female
Elena Dementieva
80.6%
Male
Richard Krajicek
80.6%
Male
Patrick Rafter
80.6%
Male
Carlos Moya
79.9%
Male
Greg Rusedski
79.1%
Male
Nicolas Kiefer
78.4%
Female
Nathalie Tauziat
77.6%
Female
Monica Seles
77.6%
Female
Amanda Coetzer
77.6%
Female
Anna Kournikova
77.6%
Male
Thomas Enqvist
77.6%
Male
Magnus Norman
77.6%
Female
Magdalena Maleeva
76.9%
Female
Cara Black
76.1%
Male
Nicolas Lapentti
76.1%
Male
Byron Black
76.1%
Male
Mark Philippoussis
74.6%
Male
Thomas Johansson
73.9%
Female
Patty Schnyder
73.1%
Female
Anastasia Myskina
73.1%
Male
Cedric Pioline
73.1%
Male
Sebastien Grosjean
72.4%
Female
Anke Huber
71.6%
Female
Jelena Dokic
69.4%
Male
Albert Costa
69.4%
Male
Alex Corretja
69.4%
Male
Dominik Hrbaty
68.7%
Female
Barbara Schett
67.9%
Male
Roger Federer
67.9%
Female
Daniela Hantuchova
67.2%
Male
Jonas Bjorkman
67.2%
Male
Younes El Aynaoui
66.4%
Female
Paola Suarez
65.7%
Female
Chanda Rubin
65.7%
Female
Sandrine Testud
64.9%
Male
Arnaud Clement
64.9%
Female
Francesca Schiavone
64.2%
Female
Silvia Farina Elia
63.4%
Male
Karol Kucera
63.4%
Male
Hicham Arazi
63.4%
Male
Juan Carlos Ferrero
63.4%
Male
Andrei Medvedev
62.7%
Male
Paradorn Srichaphan
62.7%
Gender
Athlete
% Correct
Male
Goran Ivanisevic
61.9%
Male
Michael Chang
61.2%
Female
Ai Sugiyama
60.4%
Male
Sjeng Schalken
60.4%
Male
Rainer Schuettler
59.7%
Male
Nicolas Massu
59.7%
Female
Tamarine Tanasugarn
59%
Female
Nadia Petrova
59%
Male
Jiri Novak
58.2%
Male
Marc Rosset
57.5%
Female
Lisa Raymond
56.7%
Male
Wayne Ferreira
56.7%
Female
Elena Likhovtseva
56%
Female
Nathalie Dechy
56%
Male
Gaston Gaudio
56%
Male
Fabrice Santoro
54.5%
Male
Andrei Pavel
53.7%
Male
Guillermo Canas
53%
Male
Max Mirnyi
53%
Female
Alicia Molik
52.2%
Female
Anna Smashnova
50%
Female
Meghann Shaughnessy
49.3%
Female
Iva Majoli
49.3%
Female
Anne Kremer
48.5%
Male
Felix Mantilla
48.5%
Male
Nicolas Escude
48.5%
Male
Ivan Ljubicic
45.5%
Male
Vincent Spadea
44%
Male
Sargis Sargsian
44%
Female
Amy Frazier
43.3%
Female
Meilen Tu
43.3%
Male
Jan-Michael Gambill
41.8%
Female
Virginia Ruano Pascual
41%
Male
Franco Squillari
41%
Female
Elena Bovina
40.3%
Male
Karim Alami
40.3%
Male
Jim Courier
40.3%
Male
Magnus Larsson
38.8%
Female
Magui Serna
38.1%
Male
Fernando Meligeni
38.1%
Male
Stefan Koubek
38.1%
Female
Iroda Tulyaganova
37.3%
Male
Kenneth Carlsen
35.8%
Female
Shinobu Asagoe
35.1%
Female
Virginie Razzano
34.3%
Male
Alberto Berasategui
33.6%
Female
Henrieta Nagyova
32.8%
Female
Jill Craybas
32.8%
Female
Selima Sfar
32.1%
Male
Mariano Zabaleta
32.1%
Female
Anabel Medina Garrigues
30.6%
Female
Tatiana Panova
29.9%
Female
Tathiana Garbin
29.9%
Female
Kristina Brandi
29.1%
Female
Miriam Oremans
29.1%
Female
Barbara Rittner
28.4%
Female
Rita Grande
28.4%
Female
Nicole Pratt
28.4%
Female
Janet Lee
28.4%
Male
Daniel Nestor
28.4%
Male
Magnus Gustafsson
27.6%
Female
Marta Marrero
25.4%
Female
Emilie Loit
25.4%
Male
Andreas Vinciguerra
25.4%
Female
Daja Bedanova
24.6%
Female
Janette Husarova
24.6%
Female
Karina Habsudova
24.6%
Gender
Athlete
% Correct
Male
Arnaud Di Pasquale
24.6%
Female
Angeles Montolio
23.9%
Female
Denisa Chladkova
23.9%
Male
Christian Ruud
23.9%
Female
Lina Krasnoroutskaya
23.1%
Female
Kveta Peschke
23.1%
Female
Gala Leon Garcia
23.1%
Male
Chris Woodruff
23.1%
Male
Adrian Voinea
23.1%
Male
Francisco Clavet
21.6%
Male
Slava Dosedel
21.6%
Male
David Prinosil
21.6%
Male
Andrea Gaudenzi
21.6%
Male
Jan Siemerink
21.6%
Female
Marlene Weingartner
20.9%
Female
Nuria Llagostera Vives
20.1%
Female
Martina Sucha
20.1%
Female
Petra Mandula
19.4%
Male
Justin Gimelstob
19.4%
Female
Emmanuelle Gagliardi
18.7%
Male
Jerome Golmard
18.7%
Male
Jason Stoltenberg
18.7%
Female
Rita Kuti-Kis
17.9%
Male
Jeff Tarango
17.9%
Male
Albert Portas
17.9%
Female
Joannette Kruger
17.2%
Female
Tina Pisnik
17.2%
Female
Lilia Osterloh
16.4%
Female
Rachel McQuillan
16.4%
Female
Wynne Prakusya
16.4%
Male
Daniel Vacek
15.7%
Male
Andrew Ilie
15.7%
Male
Galo Blanco
15.7%
Female
Anne-Gaelle Sidot
14.9%
Male
Cecil Mamiit
14.2%
Female
Tatiana Poutchek
13.4%
Male
Juan Antonio Marin
13.4%
Male
Fernando Vicente
12.7%
Male
George Bastl
12.7%
Male
Paul Goldstein
12.7%
Male
Ronald Agenor
12.7%
Female
Jana Kandarr
11.9%
Male
Richard Fromberg
11.9%
Female
Mariana Diaz-Oliva
11.2%
Female
Cristina Torrens Valero
11.2%
Female
Anca Barna
11.2%
Female
Alina Jidkova
11.2%
Male
Gianluca Pozzi
11.2%
Female
Evie Dominikovic
10.4%
Female
Miroslava 'Mirka' Vavrinec
10.4%
Male
John van Lottum
10.4%
Male
Antony Dupuis
9.7%
Female
Adriana Rikl Gersi
8.2%
Male
Jacobo Diaz
8.2%
Female
Jennifer Hopkins
7.5%
Male
Hernan Gumy
7.5%
Female
Ludmila Cervanova
6%
Male
Markus Hipfl
6%
Female
Bianka Lamade
5.2%
Female
Sandra Cacic
5.2%
Male
Mikael Tillstrom
4.5%
Female
Andrea Glass
3%
Female
Marissa Gould
3%
Male
Jens Knippschild
3%
Male
Laurence Tieleman
2.2%
Female
Pavlina Stolanova-Nola
0.7%
Quiz Playlist
Details
Report
Send in Message
Add To Playlist
More Info:
These players faced the new millennium (12/31/1999) wondering if their ranking was static for eternity. Fun look back down tennis memory lane.
Classic:
Type in answers that appear in a list
Quiz Source
Last Updated: Feb 16, 2017
Quiz Scoreboard
CHALLENGE
Sign Up to Join the Scoreboard
Show All
Scores
Hide
Comments
May contain spoilers
Recently Published
College Basketball Coaching Resumes
by pancakes188
Sports
9m
Billboard Blitz: Fleetwood Mac
by CooCooCachoo
Music
15s
Presidents Visiting Landmarks
by Hejman
History
7m
More to Explore
Quiz From the Vault
Featured Blog Post
Where Did the Easter Bunny Come From?
hide this ad
You Might Also Like...
Tags
Tennis Quiz
1999
ATP
ATP Players
WTA Players
WTA Ranking
WTA Tour
y2k
Today's Top Quizzes in Sports
Browse Sports
hide this ad
Today's Top Quizzes in Tennis
Browse Tennis
Top Contributed Quizzes in Sports
1
2022 World Cup Stars
2
Les meilleurs buteurs des matchs entre le PSG et l’OM
3
FIFA Club World Cup Champions
4
Les entraîneurs de l'OM et du PSG au 21e siècle
5
Criteria MLB: Left Handed Sluggers
6
AFC Teams Reveal (Wrong Answers Minefield)
7
5-to-1: UK Sports Teams
8
5-to-1: FBS Animal Nicknames
9
2023 MLB Unique Player Accomplishments
10
Name the Premier League winners with different clubs
Explore More
Trending Topics
Marvel
Kpop
Crossword
Anime
Disney
NBA
Harry Potter
Puzzle
Soccer
WWE
Country
Pokémon
Song
The Office
NFL
hide this ad
More By:
geffeg
Quiz
Plays
Rating
Category
Featured
Created
100 Greatest TV Shows of All Time (Rolling Stone 2016)
1,024
2.75
Television
Sep 29, 2016
South Dakota County Seats
642
Geography
Mar 24, 2012
Tennis Channel Top 100
437
3.75
Sports
Mar 24, 2012
Highest Ranked Female Tennis Player Per Country
299
4.33
Sports
Dec 12, 2013
Maria Sharapova slayers
240
5.00
Sports
Jun 9, 2012
Go to Creator's Profile
Score Distribution
Quiz Creator Spotlight
geffeg
Follow
Send a Message
Quizzes Created
-
Created Quiz Play Count
-
More By This Creator
Popular Quizzes Today
1
Find the US States - No Outlines Minefield
2
Find the Countries of Europe - No Outlines Minefield
3
The Countries of the World
4
Find the US States
5
Risky Map Clicking: Biggest States A-Z
6
US States
7
Popular People in 1961
8
Movies - When Are They Set?
More Sports Quizzes
Alphabet Image Soup: 4-Letter MLB Teams by Logo
Published
Trending Quizzes
Risky Map Clicking: Least Populous States A-Z
1-10 Letter G Words
1-10 Letter F Words
Risky Map Clicking: Next State Alphabetically
Risky Map Clicking: Biggest States A-Z
Recently Updated
Leaping Animals
pecheneg
Reality TV Shows (A-Z)
bhenderson79
Rickey Henderson's Hall of Fame Teammates
pecheneg
Champions League XIs: Arsenal
pecheneg
Quick Pick: Celebrities in WWE's Hall of Fame
aduchscher
A-Z Keypad Blitz II
pecheneg
Multiple Oscar Actors
pecheneg
Mystery Phrase Blitz: Oscar 'Best Actors'
pecheneg
F. Scott Fitzgerald Novels
LTH
Pick 3 Villains
ddd62291
Trending Topics
NBA
Disney
Harry Potter
Marvel
Kpop
Crossword
Anime
Song
Pokémon
The Office
Puzzle
WWE
NFL
Soccer
Country
Your Account Isn't Verified!
In order to create a playlist on Sporcle, you need to verify the email address you used during registration. Go to your
Sporcle Settings
to finish the process.
Report this User
Report this user for behavior that violates our
Community Guidelines
.
Details:
Send Report
Go to the Sporcle.com Mobile Site →
Comments